Steel industry annual report : On competitive conditions in the steel industry and industry efforts to adjust and modernize
Gorde:
| Formatua: | Liburua |
|---|---|
| Hizkuntza: | Undetermined |
| Argitaratua: |
Washington
USICT
1990
|
| Gaiak: | |
| Etiketak: |
Etiketa erantsi
Etiketarik gabe, Izan zaitez lehena erregistro honi etiketa jartzen!
|
| Thư viện lưu trữ: | Trung tâm Học liệu Trường Đại học Cần Thơ |
|---|
| LEADER | 00519nam a2200169Ia 4500 | ||
|---|---|---|---|
| 001 | CTU_99580 | ||
| 008 | 210402s9999 xx 000 0 und d | ||
| 082 | |a 338.47669 | ||
| 082 | |b S813 | ||
| 245 | 0 | |a Steel industry annual report : | |
| 245 | 0 | |b On competitive conditions in the steel industry and industry efforts to adjust and modernize | |
| 260 | |a Washington | ||
| 260 | |b USICT | ||
| 260 | |c 1990 | ||
| 650 | |a Steel industry and trade | ||
| 904 | |i Truc | ||
| 980 | |a Trung tâm Học liệu Trường Đại học Cần Thơ | ||